Regioni dell'Inghilterra - Statistics

Statistiche generali
  • Questo quiz è stato fatto 32 volte
  • Il punteggio medio è 4 su 9
Statistiche sulle risposte
Popolazione (ab.) Superficie (km²) Regione % Corretto
8 173 941 1 572 Grande Londra
77%
5 846 965 19 120 Est dell'Inghilterra
58%
5 283 733 15 420 Yorkshire e Humber
46%
5 601 847 13 000 Midlands Occidentali
35%
4 533 222 15 627 Midlands Orientali
35%
8 634 750 19 095 Sud Est
35%
5 288 935 23 829 Sud Ovest
35%
2 596 886 8 592 Nord Est
31%
7 052 177 14 165 Nord Ovest
31%
Nessun quiz corrispondente trovato
Distribuzione punteggi
Percentuale di utenti per punteggio
Percentile per numero di risposta
I tuoi punteggi nel tempo
Non hai fatto questo quiz